000 01272cam a22003377a 4500
003 CHAP
005 20220329141408.0
008 971013s1988 r 00010 d
010 _a67491
011 _a68463
035 _a77935
040 _cCHAP
090 _aTesis
100 0 0 _aEstrada Cotero, Sergio.
_938373
245 0 _aNiveles de susceptibilidad de Tetranychus urticae Koch (Acarida : Tetranychidae) a ocho acaricidas en el cultivo del clavel (Dianthus caryophillus L.) en la región de Villa Guerrero, México
260 _aChapingo, Méx. :
_bEl autor,
_c1988
300 _a91 h.
_b: ilus.; gráfs.
502 _aTesis (Ing. Agrónomo Esp. en Parasitología Agrícola) -- UACH. Departamento de Parasitología Agrícola
590 _aALEPH
_b10
_c20130110
_lUCH01
_h1402
590 _aBATCH-UPD
_b10
_c20130110
_lUCH01
_h0247
590 _aBATCH-UPD
_b10
_c20130110
_lUCH01
_h2137
590 _aCONVERSION
_b10
_c20130109
_lUCH01
_h1337
650 1 4 _aAcaricidas.
_9404
650 1 4 _aClavel
_xPlagas.
_923708
650 1 4 _aInsectos
_xResistencia a insecticidas.
_958941
650 1 4 _aTetranychus talarius.
_9112500
901 _aBK
942 _cFOLL
949 _bBC
_cTES
_d-30808
_eTS1
_h21197
_i77935
_si
949 _bBC
_cTES
_d-94584
_eTS2
_fc.2
_h21139
_i77935
_si
999 _c67491
_d67491